000 03843cam a22006734i 4500
003 PE-LiUPU
005 20250731170440.0
008 150625s2006 sp r 000 0 spa d
020 _a9874394285
040 _aPE-LiUPU
_bspa
_cPE-LiUPU
_erda
049 _aPRUA
082 0 4 _a173.4
_bN972m
_223
100 1 _aNúñez, Miguel Ángel,
_eautor.
245 1 9 _aCartas a Mery :
_bconsejos de un padre /
_cMiguel Ángel Núñez.
250 _aSegunda edición.
264 1 _aLima :
_bFortaleza,
_c2006.
300 _a112 páginas ;
_c21 centímetros.
336 _atext
_2rdacontent
337 _aunmediated
_2rdamedia
338 _avolume
_2rdacarrier
505 0 _aPartir -- Actitud frente a la vida -- El día que tú naciste -- Los recuerdos construyen la vida -- El privilegio de ser tu padre -- Ver más allá de las apariencias -- Amar -- La lucha por ser auténtica -- Autoestima construida sobre valores -- Cuenta tus bendiciones -- La seguridad de las convicciones -- Desconfianza -- La desilusión y su forma de enfrentarla -- Los dolores que quisiera evitarte -- La fuerza del inaudito -- Frente al fracaso -- Tu futuro -- Neutralidad: una utopía escapista -- Ser hija de pastor -- La misión de la vida -- Pena de amor -- La verdadera riqueza -- El secreto para hacerse inolvidable -- Varones -- Original, no copia -- Reputación -- El amor no se mendiga -- Recordarte es extrañarte -- Ideales -- Nacionalidad y nacionalismo -- Los tiempos -- Decir que eres especial -- Amigos verdaderos -- La nostalgia de la soledad -- Recuerdos felices -- El regreso -- El ciclo -- Penas -- A tiempo -- Conversar -- Proyección -- Religión.
526 _aSEG68
526 _aSEG70
526 _aSEG69
526 _aSEG67
526 _aSEG43
526 _aP144
526 _aP143
526 _aP131
526 _aP122
526 _aP120
526 _aP117
526 _aP112
526 _aP110
526 _aP106
526 _aP101
526 _aP80
526 _aP59
526 _aP54
526 _aP35
526 _aP33
526 _aP30
650 1 4 _aPadres e hijos
_xConsejos, reflexiones, etc.
942 _2ddc
_cBOOK
949 _a173.4 N94 2006
_wDEWEY
_c1
_iFJ02638
_d2017-8-17
_e2017-8-15
_f2017-12-28
_g1
_lCCODEBUJ1
_mBUJ
_n1
_p10.00
_r0
_sY
_tBOOK
_u2015-10-1
_xEDUCACION
_0COMPRA
_o.STAFF. Colección General Juliaca
949 _a173.4 N94
_wDEWEY
_c1
_i57446
_d2015-11-19
_e2015-11-18
_lLOST
_mBUL
_n1
_p9.00
_r1
_sY
_tBOOK
_u2015-6-25
_xTEOLOGIA
_zUNKNOWN
_0COMPRA
_o.STAFF. Colección General
949 _a173.4 N94 2006
_wDEWEY
_c1
_iFT01075
_lCCODEBUT1
_mBUT
_r0
_sY
_tBOOK
_u2015-10-12
_xBIBLIOTECA
_zUNKNOWN
_0DONACION
_o.STAFF. Colección General Tarapoto
949 _a173.4 N94 2006
_wDEWEY
_c2
_iFT01076
_lCCODEBUT1
_mBUT
_r0
_sY
_tBOOK
_u2015-10-12
_xBIBLIOTECA
_zUNKNOWN
_0DONACION
_o.STAFF. Colección General Tarapoto
949 _a173.4 N94
_wDEWEY
_c2
_i56240
_d2018-3-1
_e2018-2-21
_f2018-2-11
_g2
_lCCODEBUL1
_mBUL
_n3
_p8.00
_r0
_sY
_tBOOK
_u2015-6-25
_xSALUD
_zUNKNOWN
_0COMPRA
_o.STAFF. Colección General
949 _a173.4 N94
_wDEWEY
_c3
_i56241
_lLOST
_mBUL
_p8.00
_r1
_sY
_tBOOK
_u2015-6-25
_xTEOLOGIA
_zUNKNOWN
_0COMPRA
_o.STAFF. Colección General
949 _a173.4 N94
_wDEWEY
_c4
_i57445
_d2017-9-10
_e2017-9-6
_f2018-2-11
_g2
_lCCODEBUL1
_mBUL
_n7
_p9.00
_r0
_sY
_tBOOK
_u2015-6-25
_xSALUD
_zUNKNOWN
_0COMPRA
_o.STAFF. Colección General
980 _81
_gALBERTO SANCHEZ Responsable de Automatización
999 _c45487
_d45487